Začarovaná zmrzlináreň

Bibliographic Details
Main Author: Stephan, Martin (Author)
Other Authors: Bžochová, Perla, 1935-1999 (Translator)
Format: Article
Language:Slovak
Subjects:

MARC

LEADER 00000nab a2200000 a 4500
001 vtls000043517
003 SK-MaSNL
005 20260304074625.0
008 250423c1979 xo 0 slo
015 |a SNBRB19rr/mm-uuuuu 
035 |a CL0053612 
035 |a urn:nbn:sk:snk-abb836 
035 |a (urnnbn)urn:nbn:sk:snk:ar-0048rp 
035 |a (uuid)3385319a-06b8-4c1f-9341-85dd249ee454 
040 |a SNKBUCL  |b slo  |c SNKBUCL  |e AACR2 
041 0 |a slo 
044 |a xo  |c SK 
080 |a 830-3  |2 1981 
100 1 |a Stephan, Martin  |4 aut  |9 956071 
245 1 0 |a Začarovaná zmrzlináreň  |c Martin Stephan ; Perla Bžochová 
650 0 7 |a poviedky lyrické  |2 snkbucl  |9 893929 
650 0 7 |a literatúra NDR  |2 snkbucl  |9 943897 
650 0 7 |a mladosť  |2 snkbucl  |9 490984 
650 0 7 |a jar  |2 snkbucl  |9 30216 
655 7 |a články z novín a časopisov  |2 snkbucl  |9 267496 
655 7 |a články z odboru literárna veda a krásna literatúra  |2 snkbucl  |9 770045 
700 1 |a Bžochová, Perla,  |d 1935-1999  |4 trl  |9 36919 
773 0 |t Revue svetovej literatúry  |g Roč. 15, č. 5 (1979), s. 79-80 
850 |a Slovenská národná knižnica 
852 |a Slovenská národná knižnica 
958 |a article15 
958 |a RK 
958 |a LX 
958 |a OND 
958 |a EUIPO 
999 |c 2777081  |d 2779011